• 首页
  • 本馆介绍
  • 公告通知
  • 最新文献
  • 馆藏检索
  • 电子资源
  • 读者导购
  • 参考咨询
  • 我的图书馆
  • 登录
  • 详细信息显示
  • 放入我的书架
  • 预约/预借图书
  • 作者相关作品
  • 分类相关作品
  • 丛书相关作品
  • 出版社相关作品

书目信息

  • 表格格式
  • 工作单格式
  • 卡片格式
题名:
时传祥
    
 
作者: 曹德全 著
分册:  
出版信息: 长春   吉林文史出版社  2012
页数: 128页
开本: 22cm
丛书名: 《100位新中国成立以来感动中国人物》丛书
单 册:
中图分类: K828.1=73 , K828.1
科图分类:
主题词:
电子资源:
ISBN: 978-7-5472-1183-0
000 00716oam2 2200241 450
001 2357064343
005 20231129020752.52
010    @a978-7-5472-1183-0@dCNY29.80
100    @a20141210d2012 em y0chiy50 ea
101 0  @achi
102    @aCN@b220000
105    @aac z 000yb
200 1  @a时传祥@Ashi chuan xiang@f曹德全著
210    @a长春@c吉林文史出版社@d2012
215    @a128页@c肖像,照片@d22cm
225 2  @@a《100位新中国成立以来感动中国人物》丛书
410  0 @12001 @a《100位新中国成立以来感动中国人物》丛书
600  0 @a时传祥@f(1915-1975)@x生平事迹
690    @aK828.1=73@v5
690    @aK828.1@v4
701  0 @a曹德全@Acao de quan@4著
801  0 @aCN@b91MARC@c20150426
905    @aZUCC@dK828.1@e20
    
    时传祥/曹德全著.-长春:吉林文史出版社,2012
    128页:肖像,照片;22cm.-(《100位新中国成立以来感动中国人物》丛书)
    
    
    ISBN 978-7-5472-1183-0:CNY29.80
    
●
相关链接 在五车中查询图书 在当当中查询图书 在豆瓣中查询图书


正题名:时传祥     索取号:K828.1/20         预约/预借

序号 登录号 条形码 馆藏地/架位号 状态 备注
1 2001015311   2001015311   第四书库/四31架A面1层3列/ [索取号:K828.1/20] 在馆    
2 2001015312   2001015312   培训中心一楼图书角/培训中心西北4行1列/ [索取号:K828.1/20] 在馆    
3 2001015313   2001015313   培训中心一楼图书角/培训中心西北3行1列/ [索取号:K828.1/20] 在馆    
4 2001015314   2001015314   培训中心一楼图书角/培训中心西北4行1列/ [索取号:K828.1/20] 在馆    
5 2001015315   2001015315   第四书库/四31架A面1层3列/ [索取号:K828.1/20] 在馆    
6 2001015316   2001015316   第四书库/四31架A面1层3列/ [索取号:K828.1/20] 在馆    
山东省滨州职业学院图书馆 欢迎您!
大连网信软件有限公司© 版权所有